000
nam a22 7a 4500
999
_c
52589
_d
52589
003
OSt
005
20220625111428.0
008
220625b xxu||||| |||| 00| 0 eng d
040
_c
IIMT UNIVERSITY MEERUT
100
_a
LUTHERA , N.R.
245
_a
ANUPREYUKAT GANIT-I (A)
260
_b
BHARAT BHARTI
300
_a
277
942
_2
ddc
_c
09